| 000 | 00875nam a2200253 i 4500 | ||
|---|---|---|---|
| 005 | 20260408123607.0 | ||
| 008 | 260330t20252025my a br o000 1 eng d | ||
| 020 |
_a9789834950408 _cRM12.00 _qpaperback |
||
| 040 |
_aPPAK _beng _cPPAK _erda |
||
| 082 | 0 | 4 |
_223 _a398.209595 |
| 090 | 0 | 0 |
_a398.209595 _bMAS _dK |
| 100 | 0 |
_aMaslina Md Nor, _eauthor _eillustrator. |
|
| 245 | 1 | 0 |
_aLegendary Princesses : _bPuteri Gunung Ledang / _cWriter and Illustrator Maslina Md Nor |
| 264 | 1 |
_aKuala Lumpur : _bDewan Bahasa dan Pustaka, _c2025 |
|
| 264 | 4 | _c©2025 | |
| 300 |
_a23 unnumbered pages : _bcolour illustrations ; _c26 cm |
||
| 336 |
_atext _2rdacontent |
||
| 337 |
_aunmediated _2rdamedia |
||
| 338 |
_avolume _2rdacarrier |
||
| 650 | 1 | 0 |
_aFolklore _zMalaysia |
| 650 | 2 | 0 |
_aTales _zMalaysia |
| 650 | 2 | 0 |
_aGovernment publications _zMalaysia |
| 942 |
_2ddc _cB |
||
| 999 |
_c203567 _d203567 |
||